[Event "St Petersburg Korchnoi Memorial op"]
[Site "St Petersburg"]
[Date "2024.08.19"]
[Round "5"]
[White "Ismailov, Magomed Dm"]
[Black "Rudakov, Sergey S"]
[Result "1-0"]
[WhiteElo "1849"]
[BlackElo "2039"]
[PlyCount "61"]
[EventDate "2024.08.17"]
[EventType "swiss"]
[EventRounds "9"]
[EventCountry "RUS"]
[SourceTitle "EXT 2025"]
[Source "ChessBase"]
[SourceDate "2024.10.14"]
[SourceVersion "1"]
[SourceVersionDate "2024.10.14"]
[SourceQuality "1"]

1. e4 Nf6 2. Nc3 d5 3. e5 Nfd7 4. f4 d4 5. Ne4 e6 6. Nf3 Nc5 7. Nxc5 Bxc5 8. Bd3 Nc6 9. a3 Ne7 10. Qe2 Nf5 11. Bxf5 exf5 12. Qb5+ Bd7 13. Qxc5 d3 14. cxd3 b6 15. Qc3 h6 16. 0-0 0-0 17. b4 c5 18. bxc5 Rc8 19. d4 Bc6 20. d3 Bd5 21. Be3 Rc6 22. Rac1 Qa8 23. h3 Kh7 24. Kh2 Rb8 25. Rb1 f6 26. Rb2 Re8 27. Nh4 Qc8 28. Rbf2 Qe6 29. Nf3 Rf8 30. Nd2 fxe5 31. fxe5 1-0

[Event "Moscow op-A 20th"]
[Site "Moscow"]
[Date "2024.07.17"]
[Round "2"]
[White "Bardyk, Artem"]
[Black "Rudakov, Sergey S"]
[Result "1-0"]
[WhiteElo "2290"]
[BlackElo "2024"]
[PlyCount "73"]
[EventDate "2024.07.16"]
[EventType "swiss"]
[EventRounds "9"]
[EventCountry "RUS"]
[SourceTitle "CBM 221 Extra"]
[Source "ChessBase"]
[SourceDate "2024.09.30"]
[SourceVersion "1"]
[SourceVersionDate "2024.09.30"]
[SourceQuality "1"]

1. e4 c5 2. Nf3 Nc6 3. Bb5 g6 4. Bxc6 dxc6 5. 0-0 Bg7 6. d3 e5 7. Be3 Qe7 8. a3 Nf6 9. b4 Nd7 10. Qd2 h6 11. Qc3 0-0 12. Nbd2 cxb4 13. axb4 a6 14. Nc4 f5 15. Rfd1 g5 16. exf5 Rxf5 17. Re1 g4 18. Nfd2 Nf6 19. Bc5 Qd8 20. Ne4 Nd5 21. Qd2 Nf4 22. Ncd6 Rh5 23. Ng3 Rg5 24. d4 Ne6 25. dxe5 b6 26. Bd4 Qf8 27. Nde4 Rg6 28. Bb2 Qf4 29. Qc3 c5 30. Nf6+ Kf7 31. bxc5 bxc5 32. Nge4 Bxf6 33. Nxf6 Bb7 34. Rad1 Qa4 35. Rd7+ Kf8 36. Rxb7 Qc6 37. Qd3 1-0

[Event "RUS-chT 31th"]
[Site "Sochi"]
[Date "2024.05.02"]
[Round "2.23"]
[White "Popov, Ivan1"]
[Black "Rudakov, Sergey S"]
[Result "1-0"]
[WhiteElo "2615"]
[BlackElo "2018"]
[PlyCount "77"]
[EventDate "2024.05.01"]
[EventType "team-tourn"]
[EventRounds "9"]
[EventCountry "RUS"]
[SourceTitle "CBM 220 Extra"]
[Source "ChessBase"]
[SourceDate "2024.07.31"]
[SourceVersion "1"]
[SourceVersionDate "2024.07.31"]
[SourceQuality "1"]
[WhiteTeam "Moscow ShSM"]
[BlackTeam "Voronezh"]
[WhiteTeamCountry "RUS"]
[BlackTeamCountry "RUS"]

1. e4 c5 2. Nc3 Nc6 3. Nge2 e6 4. d4 cxd4 5. Nxd4 a6 6. Nxc6 bxc6 7. Bd3 d5 8. 0-0 Nf6 9. Qf3 Bb7 10. Re1 d4 11. Nb1 c5 12. Na3 Bd6 13. Nc4 Qc7 14. Qh3 Nd7 15. e5 Be7 16. Qg3 Bf8 17. Bd2 Bd5 18. c3 Nb6 19. b3 Nxc4 20. bxc4 Bc6 21. cxd4 cxd4 22. Rab1 g6 23. h4 Bc5 24. h5 gxh5 25. Be4 Bxe4 26. Rxe4 Rb8 27. Ree1 Be7 28. Qf3 Kd7 29. Rbd1 Ke8 30. Rb1 Kd7 31. Qxf7 Rxb1 32. Rxb1 Rb8 33. Rxb8 Qxb8 34. Bg5 Qxe5 35. Qxe7+ Kc6 36. Qe8+ Kc5 37. Qc8+ Kb4 38. Bd2+ Ka3 39. Qxa6+ 1-0

[Event "RUS-chT Blitz"]
[Site "Sochi"]
[Date "2023.10.17"]
[Round "8.24"]
[White "Rudakov, Sergey S"]
[Black "Zubritskiy, Artyom"]
[Result "0-1"]
[WhiteElo "1958"]
[BlackElo "2468"]
[PlyCount "112"]
[EventDate "2023.10.17"]
[EventType "team-swiss (blitz)"]
[EventRounds "13"]
[EventCountry "RUS"]
[SourceTitle "CBM 216 Extra"]
[Source "ChessBase"]
[SourceDate "2023.11.30"]
[SourceVersion "1"]
[SourceVersionDate "2023.11.30"]
[SourceQuality "1"]
[WhiteTeam "Voronezh"]
[BlackTeam "St Petersburg SShOR"]
[WhiteTeamCountry "RUS"]
[BlackTeamCountry "RUS"]

1. e4 c5 2. Nf3 Nf6 3. e5 Nd5 4. Nc3 Nxc3 5. dxc3 Nc6 6. Bf4 Qb6 7. Qc1 f6 8. Bd3 g5 9. Bg3 g4 10. Nh4 Nxe5 11. Bxe5 fxe5 12. 0-0 Qh6 13. Nf5 Qxc1 14. Raxc1 e6 15. Ng3 d6 16. Nh5 Bh6 17. Rce1 Ke7 18. c4 Bd7 19. Be4 Raf8 20. b3 b6 21. a4 Bd2 22. Rd1 Bg5 23. Rd3 Rd8 24. a5 Be8 25. Ng3 h5 26. axb6 axb6 27. Ra1 b5 28. cxb5 d5 29. Ra7+ Rd7 30. b6 Rxa7 31. bxa7 Bc6 32. Bg6 h4 33. Nf1 Kf6 34. Rc3 Kxg6 35. Rxc5 Ba8 36. Rb5 Rh7 37. Ra5 Bd8 38. Ra6 Kf6 39. Ne3 Rc7 40. Nxg4+ Kf5 41. h3 d4 42. Ra5 Bf6 43. Ra2 e4 44. Ra5+ e5 45. Ra6 Rc6 46. Ra2 Be7 47. Ra5 Bd6 48. b4 Rxc2 49. b5 e3 50. fxe3 Rxg2+ 51. Kf1 Rb2 52. exd4 Kf4 53. dxe5 Bb4 54. Ra4 Bg2+ 55. Kg1 Kg3 56. Ra1 Bc5+ 0-1

[Event "RUS-ch Blitz"]
[Site "Sochi"]
[Date "2023.10.14"]
[Round "2"]
[White "Rudakov, Sergey S"]
[Black "Khripachenko, Alexander"]
[Result "0-1"]
[WhiteElo "1958"]
[BlackElo "2259"]
[PlyCount "90"]
[EventDate "2023.10.14"]
[EventType "swiss (blitz)"]
[EventRounds "13"]
[EventCountry "RUS"]
[SourceTitle "CBM 216 Extra"]
[Source "ChessBase"]
[SourceDate "2023.11.30"]
[SourceVersion "1"]
[SourceVersionDate "2023.11.30"]
[SourceQuality "1"]

1. e4 c5 2. Nf3 e6 3. c4 Nc6 4. Nc3 Nd4 5. Nxd4 cxd4 6. Ne2 e5 7. d3 Bb4+ 8. Bd2 a5 9. g3 d6 10. Bg2 Ne7 11. h3 0-0 12. g4 Ng6 13. 0-0 Bxd2 14. Qxd2 Nh4 15. f4 f6 16. f5 Nxg2 17. Kxg2 Bd7 18. a4 Ra6 19. b3 Rb6 20. Rab1 Ra6 21. h4 Qe7 22. g5 Raa8 23. Ng3 b6 24. Rf2 Rac8 25. Rg1 Kh8 26. Kh2 Be8 27. Ne2 Bh5 28. g6 Bxe2 29. Rxe2 h6 30. b4 Qc7 31. Rb1 Ra8 32. Qa2 Ra7 33. Reb2 Rfa8 34. c5 dxc5 35. bxc5 Qxc5 36. Rxb6 Rc8 37. R1b2 Rac7 38. Qe6 Qc1 39. Kh3 Qe3+ 40. Kg4 Qxd3 41. Qd5 Qd1+ 42. Kg3 Rc3+ 43. Kf2 Rf3+ 44. Kg2 Qf1+ 45. Kh2 Rh3# 0-1

[Event "RUS-ch Blitz"]
[Site "Sochi"]
[Date "2023.10.14"]
[Round "12"]
[White "Rudakov, Sergey S"]
[Black "Remizov, Yaroslav"]
[Result "0-1"]
[WhiteElo "1958"]
[BlackElo "2437"]
[PlyCount "90"]
[EventDate "2023.10.14"]
[EventType "swiss (blitz)"]
[EventRounds "13"]
[EventCountry "RUS"]
[SourceTitle "CBM 216 Extra"]
[Source "ChessBase"]
[SourceDate "2023.11.30"]
[SourceVersion "1"]
[SourceVersionDate "2023.11.30"]
[SourceQuality "1"]

1. e4 c5 2. Nf3 e6 3. Be2 Nc6 4. 0-0 Nf6 5. Nc3 Be7 6. d4 cxd4 7. Nxd4 0-0 8. Be3 d6 9. f4 Bd7 10. Bf3 a6 11. Qe2 Qc7 12. g4 Nxd4 13. Bxd4 e5 14. fxe5 dxe5 15. Be3 h6 16. Rfd1 Be6 17. h3 Rac8 18. Qf2 Bb4 19. Bd2 Rfd8 20. a3 Ba5 21. Rac1 Nh7 22. Kg2 Bb6 23. Be3 Bxe3 24. Qxe3 Ng5 25. Be2 b5 26. h4 Nh7 27. Kg3 Qe7 28. Bf3 Nf8 29. Rxd8 Rxd8 30. Qb6 Ng6 31. Rh1 Rd2 32. Bd1 Kh7 33. Qe3 Rd8 34. h5 Nf4 35. Ne2 Qg5 36. Nxf4 Rxd1 37. Rxd1 Qxg4+ 38. Kf2 Qxd1 39. Nxe6 fxe6 40. Qc5 Qxh5 41. Ke3 Qg5+ 42. Kd3 Qg3+ 43. Kd2 Qf4+ 44. Kd1 Qxe4 45. Qb6 Qd4+ 0-1

[Event "St Petersburg Korchnoi Memorial op"]
[Site "St Petersburg"]
[Date "2023.08.21"]
[Round "5"]
[White "Rudakov, Sergey S"]
[Black "Aleksandrov, Danila"]
[Result "1/2-1/2"]
[WhiteElo "1955"]
[BlackElo "2161"]
[PlyCount "89"]
[EventDate "2023.08.18"]
[EventType "swiss"]
[EventRounds "9"]
[EventCountry "RUS"]
[SourceTitle "CBM 216 Extra"]
[Source "ChessBase"]
[SourceDate "2023.11.30"]
[SourceVersion "1"]
[SourceVersionDate "2023.11.30"]
[SourceQuality "1"]

1. e4 c5 2. Nf3 Nc6 3. d4 cxd4 4. Nxd4 e5 5. Nb5 d6 6. c4 Be6 7. N1c3 a6 8. Na3 Rc8 9. Be3 Nf6 10. Be2 g6 11. Qd2 Bg7 12. Rd1 Qa5 13. f3 0-0 14. Nd5 Qxd2+ 15. Rxd2 Bxd5 16. cxd5 Nd4 17. 0-0 Nh5 18. g3 Nxe2+ 19. Rxe2 f5 20. Bg5 fxe4 21. fxe4 Rxf1+ 22. Kxf1 Bf6 23. Be3 Bd8 24. Kg2 Kf7 25. b3 b5 26. Rc2 Rxc2+ 27. Nxc2 Ba5 28. Kf3 Nf6 29. Ba7 Ke7 30. Be3 Nd7 31. Ke2 Nf6 32. Kd3 Ng4 33. Bg1 Kd7 34. h3 Nf6 35. Be3 Kc7 36. g4 Bb6 37. Bg5 Nd7 38. Ke2 Nc5 39. Kf3 Nd3 40. h4 Bc5 41. Bd2 h5 42. gxh5 gxh5 43. Ke2 Nf2 44. Kf3 Nd3 45. Ke2 1/2-1/2

[Event "St Petersburg Korchnoi Memorial op"]
[Site "St Petersburg"]
[Date "2023.08.20"]
[Round "4"]
[White "Papayan, Oleg"]
[Black "Rudakov, Sergey S"]
[Result "1-0"]
[WhiteElo "2197"]
[BlackElo "1955"]
[PlyCount "75"]
[EventDate "2023.08.18"]
[EventType "swiss"]
[EventRounds "9"]
[EventCountry "RUS"]
[SourceTitle "CBM 216 Extra"]
[Source "ChessBase"]
[SourceDate "2023.11.30"]
[SourceVersion "1"]
[SourceVersionDate "2023.11.30"]
[SourceQuality "1"]

1. e4 c5 2. d4 cxd4 3. Qxd4 Nc6 4. Qd3 Nf6 5. Nc3 e6 6. Bf4 a6 7. Nf3 b5 8. Be2 d5 9. exd5 Nb4 10. Qd2 Nbxd5 11. Nxd5 Nxd5 12. Be5 f6 13. Bg3 Bb7 14. 0-0 e5 15. Rfd1 Qc8 16. Rac1 b4 17. Nh4 Be7 18. Bf3 Nb6 19. Nf5 Qxf5 20. Bxb7 Rb8 21. Bxa6 Qe6 22. Bb5+ Kf7 23. f4 e4 24. f5 Qxf5 25. Bxb8 Qxb5 26. Bf4 g5 27. Be3 Rd8 28. Qf2 Nd5 29. Qf5 Qe2 30. Re1 Qh5 31. Qxe4 Nxe3 32. Rxe3 Bd6 33. g3 Kg7 34. Rd3 Re8 35. Qf3 Bc5+ 36. Kh1 g4 37. Rd7+ Kg6 38. Qd3+ 1-0

[Event "RUS-chT 30th"]
[Site "Sochi"]
[Date "2023.05.07"]
[Round "6.5"]
[White "Badelka, Olga"]
[Black "Rudakov, Sergey S"]
[Result "1-0"]
[WhiteElo "2406"]
[BlackElo "1992"]
[PlyCount "59"]
[EventDate "2023.05.01"]
[EventType "team-tourn"]
[EventRounds "9"]
[EventCountry "RUS"]
[SourceTitle "CBM 214 Extra"]
[Source "ChessBase"]
[SourceDate "2023.07.31"]
[SourceVersion "1"]
[SourceVersionDate "2023.07.31"]
[SourceQuality "1"]
[WhiteTeam "Moscow Russian ChSchool"]
[BlackTeam "Voronezh Inleksis"]
[WhiteTeamCountry "RUS"]
[BlackTeamCountry "RUS"]

1. Nf3 d5 2. e3 Nf6 3. c4 e6 4. Nc3 c5 5. cxd5 exd5 6. d4 Nc6 7. Be2 a6 8. 0-0 Bd6 9. dxc5 Bxc5 10. b3 0-0 11. Bb2 Ba7 12. Na4 Ne4 13. Rc1 Bg4 14. h3 Bxf3 15. Bxf3 Qg5 16. Bxe4 dxe4 17. Qd7 Rfb8 18. Rfd1 h5 19. Rd5 Qg6 20. Rd6 f6 21. Qc7 Nd8 22. Nb6 Bxb6 23. Qxb6 Nf7 24. Rd7 Rc8 25. Rxc8+ Rxc8 26. Qe6 Rc2 27. Bd4 Rc1+ 28. Kh2 Rc2 29. Qe8+ Kh7 30. Qxf7 1-0

[Event "RUS-chT 30th"]
[Site "Sochi"]
[Date "2023.05.04"]
[Round "4.5"]
[White "Rudakov, Sergey S"]
[Black "Shchukin, Maksim"]
[Result "0-1"]
[WhiteElo "1992"]
[BlackElo "2371"]
[PlyCount "96"]
[EventDate "2023.05.01"]
[EventType "team-tourn"]
[EventRounds "9"]
[EventCountry "RUS"]
[SourceTitle "CBM 214 Extra"]
[Source "ChessBase"]
[SourceDate "2023.07.31"]
[SourceVersion "1"]
[SourceVersionDate "2023.07.31"]
[SourceQuality "1"]
[WhiteTeam "Voronezh Inleksis"]
[BlackTeam "St Petersburg SSHOR"]
[WhiteTeamCountry "RUS"]
[BlackTeamCountry "RUS"]

1. e4 c5 2. Nf3 e6 3. d4 cxd4 4. Nxd4 a6 5. c4 Nf6 6. Nc3 Bb4 7. Bd3 Nc6 8. Nxc6 dxc6 9. 0-0 Qc7 10. f4 e5 11. Qc2 0-0 12. Na4 b5 13. a3 Be7 14. Nc3 Rd8 15. f5 Bb7 16. Qe2 Nd7 17. Be3 Bc5 18. b4 Bd4 19. Rac1 bxc4 20. Bxc4 a5 21. Kh1 Bxe3 22. Qxe3 axb4 23. axb4 Qb6 24. Qxb6 Nxb6 25. Be2 Rd4 26. b5 c5 27. Bf3 c4 28. Ra1 Kf8 29. Rxa8+ Bxa8 30. Ra1 Rd3 31. Ra3 Ke7 32. Kg1 Kd6 33. Be2 Rd4 34. Ra7 Kc5 35. Kf2 Kb4 36. Nd1 Rd7 37. Ra6 Kxb5 38. Ra2 Bc6 39. Ke3 f6 40. Nc3+ Kb4 41. Ra6 Kxc3 42. Rxb6 Ba4 43. g4 Bc2 44. g5 Rd4 45. Bf3 fxg5 46. Rb7 g4 47. Bg2 Rd3+ 48. Kf2 Rd2+ 0-1

[Event "RUS-chT 30th"]
[Site "Sochi"]
[Date "2023.05.01"]
[Round "1.3"]
[White "Smirnov, Pavel"]
[Black "Rudakov, Sergey S"]
[Result "1-0"]
[WhiteElo "2545"]
[BlackElo "1992"]
[PlyCount "87"]
[EventDate "2023.05.01"]
[EventType "team-tourn"]
[EventRounds "9"]
[EventCountry "RUS"]
[SourceTitle "CBM 214 Extra"]
[Source "ChessBase"]
[SourceDate "2023.07.31"]
[SourceVersion "1"]
[SourceVersionDate "2023.07.31"]
[SourceQuality "1"]
[WhiteTeam "Moscow Region"]
[BlackTeam "Voronezh Inleksis"]
[WhiteTeamCountry "RUS"]
[BlackTeamCountry "RUS"]

1. d4 Nf6 2. c4 e6 3. g3 d5 4. Nf3 Bb4+ 5. Bd2 Be7 6. Bg2 0-0 7. 0-0 Nbd7 8. Qc2 Ne4 9. Bf4 c6 10. h4 f5 11. Nc3 Bf6 12. Ne5 Nxc3 13. bxc3 Nxe5 14. dxe5 Be7 15. cxd5 exd5 16. c4 d4 17. Rfd1 Qb6 18. e3 dxe3 19. Bxe3 Qc7 20. f4 Be6 21. Rab1 Rfb8 22. Kh2 Qa5 23. c5 Qc7 24. Bf1 b5 25. cxb6 axb6 26. Bc4 Bxc4 27. Qxc4+ Kh8 28. Qe6 Qa7 29. Rd2 c5 30. Qxf5 Rd8 31. Rbd1 Rxd2+ 32. Rxd2 Qa3 33. Qe4 c4 34. f5 c3 35. Rf2 Rf8 36. Bxb6 Bc5 37. Bxc5 Qxc5 38. Re2 h6 39. e6 Qc7 40. e7 Re8 41. f6 gxf6 42. Qg6 Rxe7 43. Qxf6+ Rg7 44. Qxh6+ 1-0

[Event "Voronezh Petrovsky op"]
[Site "Voronezh"]
[Date "2022.06.10"]
[Round "1"]
[White "Maneluk, Daniil"]
[Black "Rudakov, Sergey S"]
[Result "1-0"]
[WhiteElo "2297"]
[BlackElo "1923"]
[PlyCount "63"]
[EventDate "2022.06.10"]
[EventType "swiss"]
[EventRounds "9"]
[EventCountry "RUS"]
[SourceTitle "EXT 2023"]
[Source "ChessBase"]
[SourceDate "2022.10.05"]
[SourceVersion "1"]
[SourceVersionDate "2022.10.05"]
[SourceQuality "1"]

1. e4 c5 2. Nf3 Nc6 3. d4 cxd4 4. Nxd4 e5 5. Nb5 a6 6. Nd6+ Bxd6 7. Qxd6 Qe7 8. Qd1 Nf6 9. Nc3 d6 10. Bg5 Be6 11. Nd5 Bxd5 12. exd5 Nb8 13. Be2 Nbd7 14. 0-0 0-0 15. c4 Rac8 16. b4 h6 17. Be3 Ne8 18. Rc1 f5 19. f4 g5 20. fxe5 Nxe5 21. Bd4 f4 22. Bg4 Nxg4 23. Qxg4 Ng7 24. Rfe1 Qf7 25. Bxg7 Qxg7 26. Qe6+ Kh8 27. Qxd6 f3 28. gxf3 Rxf3 29. Re6 Rh3 30. Rf1 Qd4+ 31. Kh1 Qg7 32. Rff6 1-0

[Event "RUS-chT Blitz"]
[Site "Sochi"]
[Date "2021.10.14"]
[Round "13.2"]
[White "Tsydypov, Zhamsaran"]
[Black "Rudakov, Sergey S"]
[Result "1-0"]
[WhiteElo "2526"]
[BlackElo "1969"]
[PlyCount "93"]
[EventDate "2021.10.14"]
[EventType "team-swiss (blitz)"]
[EventRounds "13"]
[EventCountry "RUS"]
[SourceTitle "CBM 204 Extra"]
[Source "ChessBase"]
[SourceDate "2021.11.30"]
[SourceVersion "1"]
[SourceVersionDate "2021.11.30"]
[SourceQuality "1"]
[WhiteTeam "Tatarstan Ladya"]
[BlackTeam "Voronezh"]
[WhiteTeamCountry "RUS"]
[BlackTeamCountry "RUS"]

1. b3 e5 2. Bb2 Nc6 3. e3 Nf6 4. Nf3 e4 5. Nd4 d5 6. c4 Bg4 7. Qc1 dxc4 8. Nxc6 bxc6 9. Qxc4 Qd5 10. Nc3 Qxc4 11. Bxc4 Rd8 12. Rc1 Bd6 13. h3 Bd7 14. Na4 0-0 15. Bd4 a5 16. 0-0 Nd5 17. Nc5 Rfe8 18. Nxd7 Rxd7 19. Be2 Ne7 20. Rc4 Rb8 21. Bc3 f5 22. Bxa5 Be5 23. Rd1 Rbd8 24. Rc2 g6 25. Bb4 Bd6 26. Bc3 Rb8 27. Bd4 Ra8 28. Rdc1 Ba3 29. Rb1 Bd6 30. b4 Ra4 31. b5 cxb5 32. Bxb5 Rxd4 33. Bxd7 Rd3 34. Rb3 Rxb3 35. Be6+ Kg7 36. Bxb3 c5 37. a4 Nc6 38. Bc4 Nb4 39. Rc1 Bc7 40. Be2 Bb6 41. Kf1 Kf6 42. Rd1 Ke5 43. d3 exd3 44. Bxd3 Nd5 45. Bb5 Ba5 46. f4+ Ke6 47. Bc4 1-0

[Event "Cheliabinsk Panchenko Memorial op-A"]
[Site "Cheliabinsk"]
[Date "2021.09.16"]
[Round "4"]
[White "Harutjunyan, Gevorg"]
[Black "Rudakov, Sergey S"]
[Result "1/2-1/2"]
[WhiteElo "2419"]
[BlackElo "1965"]
[PlyCount "174"]
[EventDate "2021.09.13"]
[EventType "swiss"]
[EventRounds "10"]
[EventCountry "RUS"]
[SourceTitle "CBM 204 Extra"]
[Source "ChessBase"]
[SourceDate "2021.11.30"]
[SourceVersion "1"]
[SourceVersionDate "2021.11.30"]
[SourceQuality "1"]

1. Nf3 d5 2. g3 c6 3. Bg2 Bf5 4. 0-0 Nd7 5. d3 e5 6. e4 dxe4 7. Nh4 Be6 8. dxe4 Qc7 9. Nd2 0-0-0 10. Qe2 f6 11. Nc4 Nb6 12. Ne3 Bc5 13. a4 Kb8 14. a5 Bxe3 15. Qxe3 Nc4 16. Qe2 Nd6 17. b3 Nb5 18. f4 Ne7 19. Be3 Nd4 20. Qf2 c5 21. Rfb1 Nec6 22. Nf3 h6 23. Ne1 g5 24. f5 Bf7 25. Nd3 Nb4 26. Nxb4 cxb4 27. Rd1 Nc6 28. Bc5 Rxd1+ 29. Rxd1 Rd8 30. Ra1 Rd7 31. Bf1 Nd4 32. Bxd4 Rxd4 33. a6 b6 34. Re1 Qc3 35. Re3 Qc5 36. h4 g4 37. h5 Be8 38. Kh2 Bb5 39. Bxb5 Qxb5 40. Re1 Qd7 41. Qe3 Rd2+ 42. Re2 Rxe2+ 43. Qxe2 Qg7 44. Qc4 Qc7 45. Qg8+ Qc8 46. Qxg4 Qxc2+ 47. Kh3 Qc1 48. Qg8+ Kc7 49. Qf7+ Kc8 50. Qb7+ Kd8 51. Qb8+ Kd7 52. Qxa7+ Kc6 53. Qb7+ Kb5 54. Qd7+ Kxa6 55. Qd3+ Ka5 56. Kg2 Qb2+ 57. Kf3 Qc1 58. Qd5+ Ka6 59. Kg2 Qc2+ 60. Kh3 Qc1 61. Qa8+ Kb5 62. Qd5+ Ka6 63. Qd3+ Ka7 64. Qe2 Qb1 65. Qe3 Kb7 66. Qf3 Qc1 67. Qd3 Kc7 68. Kg2 Qb2+ 69. Kf3 Qc1 70. Ke2 Qb2+ 71. Ke3 Qc1+ 72. Ke2 Qb2+ 73. Ke1 Qa1+ 74. Kd2 Qg1 75. Qc4+ Kb7 76. Qd5+ Ka7 77. Qd7+ Ka6 78. Qd3+ Ka7 79. Qd7+ Ka6 80. Qa4+ Kb7 81. Qxb4 Qf2+ 82. Kc1 Qxg3 83. Kb2 Qd3 84. Qe7+ Ka6 85. Qxf6 Qd2+ 86. Ka3 Qa5+ 87. Kb2 Qd2+ 1/2-1/2

[Event "Moscow op-A 17th"]
[Site "Moscow"]
[Date "2021.02.24"]
[Round "5"]
[White "Artemov, Maxim"]
[Black "Rudakov, Sergey S"]
[Result "1-0"]
[WhiteElo "1510"]
[BlackElo "1926"]
[PlyCount "135"]
[EventDate "2021.02.20"]
[EventType "swiss"]
[EventRounds "9"]
[EventCountry "RUS"]
[SourceTitle "CBM 200 Extra"]
[Source "ChessBase"]
[SourceDate "2021.03.31"]
[SourceVersion "1"]
[SourceVersionDate "2021.03.31"]
[SourceQuality "1"]

1. d4 d5 2. c4 c6 3. cxd5 cxd5 4. Bg5 Qb6 5. Nc3 e6 6. Qd2 Nc6 7. e3 Bd7 8. Rc1 Nf6 9. Bxf6 gxf6 10. Bd3 Bd6 11. Nge2 f5 12. 0-0 Na5 13. f3 Nc6 14. Bb1 a6 15. Kh1 Na5 16. Bd3 Bc7 17. e4 Qd6 18. Qh6 0-0-0 19. Nxd5 Nc6 20. Nxc7 Kxc7 21. Rfd1 Kb8 22. exf5 Qb4 23. b3 exf5 24. Qf4+ Ka8 25. Bxf5 Bxf5 26. Qxf5 Rhe8 27. Qc2 Qa3 28. Nc3 Rxd4 29. Rxd4 Nxd4 30. Qd2 Rd8 31. Rd1 Ne6 32. Qe2 Rxd1+ 33. Qxd1 Qb2 34. Qe1 h5 35. h3 Qc2 36. Qe5 h4 37. Kh2 Qd2 38. Qf6 Nf4 39. Qg7 Qd6 40. Qh8+ Ka7 41. Ne4 Qc6 42. Qxh4 Qc7 43. Qf2+ b6 44. Qg3 Qc1 45. Qg7 Qc7 46. Qc3 Qb8 47. g3 Ne6 48. Kg2 Qd8 49. Qf6 Qd7 50. h4 Ka8 51. h5 Qc7 52. h6 Qc2+ 53. Nf2 Qh7 54. Ne4 a5 55. a4 Qg8 56. Qf5 Qh8 57. Nf6 Qxh6 58. Qd5+ Kb8 59. Nd7+ Kc7 60. Ne5 Nc5 61. Qxf7+ Kc8 62. Qe8+ Kc7 63. Qe7+ Kc8 64. Nc4 Qg6 65. Nd6+ Kb8 66. Qd8+ Ka7 67. Qc7+ Ka8 68. Qc8+ 1-0

[Event "Moscow op-A 17th"]
[Site "Moscow"]
[Date "2021.02.23"]
[Round "4"]
[White "Rudakov, Sergey S"]
[Black "Babakekhyan, Artem"]
[Result "0-1"]
[WhiteElo "1926"]
[BlackElo "2181"]
[PlyCount "223"]
[EventDate "2021.02.20"]
[EventType "swiss"]
[EventRounds "9"]
[EventCountry "RUS"]
[SourceTitle "CBM 200 Extra"]
[Source "ChessBase"]
[SourceDate "2021.03.31"]
[SourceVersion "1"]
[SourceVersionDate "2021.03.31"]
[SourceQuality "1"]

1. e4 c5 2. Nf3 d6 3. d4 cxd4 4. Nxd4 Nf6 5. f3 e5 6. Nb3 d5 7. Bg5 Be6 8. exd5 Qxd5 9. Qxd5 Nxd5 10. Bb5+ Nd7 11. 0-0 f6 12. Bd2 0-0-0 13. Nc3 Nb4 14. Ne4 a6 15. Bxb4 Bxb4 16. Bxd7+ Bxd7 17. Rfd1 Kc7 18. Nbc5 Bc8 19. a3 Ba5 20. Kf1 Kc6 21. Nd3 Be6 22. b3 Bb6 23. Nb4+ Kc7 24. c4 Bd4 25. Rab1 h6 26. Nc2 Bb6 27. Ke2 Rde8 28. Nc3 Bc5 29. Nd5+ Kc8 30. b4 Ba7 31. c5 e4 32. Nce3 exf3+ 33. Kxf3 h5 34. Kf2 Bxd5 35. Nxd5 Re5 36. Rd3 Rhe8 37. Rbd1 Re2+ 38. Kf1 Ra2 39. Nf4 Bb8 40. Nd5 Bxh2 41. Rh3 Bc7 42. Rxh5 Rxa3 43. Rh7 Rg3 44. Ne7+ Rxe7 45. Rh8+ Bd8 46. Rdxd8+ Kc7 47. Rc8+ Kd7 48. Rhd8+ Ke6 49. c6 Rg4 50. cxb7 Rxb7 51. Rc6+ Ke7 52. Rd2 Rgxb4 53. Rxa6 Kf7 54. Ra3 Rf4+ 55. Kg1 Rb1+ 56. Kh2 g5 57. g3 Rff1 58. Raa2 Kg6 59. Rac2 g4 60. Kg2 Rh1 61. Rd4 Kg5 62. Rd5+ f5 63. Rcc5 Rhg1+ 64. Kh2 Rgf1 65. Kg2 Rf3 66. Rb5 Rbf1 67. Rb2 Kf6 68. Rb6+ Ke7 69. Rd2 Ra1 70. Rf2 Raa3 71. Rxf3 Rxf3 72. Ra6 Kf7 73. Rb6 Re3 74. Rc6 Re2+ 75. Kg1 Re6 76. Rc8 Kf6 77. Rc5 Re2 78. Rb5 Rd2 79. Rb8 Ke5 80. Re8+ Kd4 81. Kf1 Rd3 82. Kf2 Rf3+ 83. Kg2 Re3 84. Rd8+ Ke4 85. Re8+ Kd4 86. Rd8+ Kc4 87. Rd7 Re2+ 88. Kf1 Re5 89. Kf2 Rd5 90. Ra7 Rd2+ 91. Kg1 Kd3 92. Re7 Rd1+ 93. Kf2 Rd2+ 94. Kg1 Re2 95. Rf7 Ke4 96. Kf1 Ra2 97. Rb7 Rd2 98. Rb4+ Rd4 99. Rb7 Rd2 100. Rb4+ Rd4 101. Rb7 Ke3 102. Kg2 Rd2+ 103. Kg1 Re2 104. Rb3+ Ke4 105. Rb5 Rd2 106. Kf1 Rd5 107. Rb6 Ke3 108. Kg2 Rd2+ 109. Kg1 Re2 110. Ra6 Kf3 111. Kf1 Rd2 112. Rb6 0-1

[Event "Moscow op-A 17th"]
[Site "Moscow"]
[Date "2021.02.22"]
[Round "3"]
[White "Medzinovskiy, Petr"]
[Black "Rudakov, Sergey S"]
[Result "1/2-1/2"]
[WhiteElo "2179"]
[BlackElo "1926"]
[PlyCount "111"]
[EventDate "2021.02.20"]
[EventType "swiss"]
[EventRounds "9"]
[EventCountry "RUS"]
[SourceTitle "CBM 200 Extra"]
[Source "ChessBase"]
[SourceDate "2021.03.31"]
[SourceVersion "1"]
[SourceVersionDate "2021.03.31"]
[SourceQuality "1"]

1. e4 c5 2. Nf3 d6 3. d4 cxd4 4. Nxd4 Nf6 5. Nc3 a6 6. Nb3 b5 7. a4 b4 8. Nd5 e6 9. Nxf6+ Qxf6 10. Be3 Nc6 11. Nd4 Bb7 12. Qd2 Nxd4 13. Bxd4 Qg6 14. f3 d5 15. e5 f6 16. Bd3 Qf7 17. Qe2 Be7 18. 0-0 0-0 19. a5 f5 20. Rfc1 Rfc8 21. c3 Bg5 22. Rcb1 Be7 23. Qd2 Qf8 24. Rc1 Bc5 25. Qe3 bxc3 26. Rxc3 Bb4 27. Rb3 f4 28. Qf2 Rc4 29. Bb6 Rac8 30. Bxc4 dxc4 31. Rc3 Bxc3 32. bxc3 Qf5 33. Qd4 Bd5 34. Rd1 h6 35. Bc5 Kh7 36. h3 h5 37. Rd2 Rb8 38. Bb6 Rb7 39. Re2 g5 40. Qd2 Rd7 41. Re4 Rg7 42. Re1 g4 43. hxg4 hxg4 44. Kf2 gxf3 45. Rh1+ Kg8 46. gxf3 Rg3 47. Rg1 Qxe5 48. Kf1 Qf5 49. Rxg3+ fxg3 50. Kg1 Kh7 51. Qg2 Qe5 52. Qh3+ Kg6 53. Qg4+ Qg5 54. Qxg5+ Kxg5 55. Bc7 Bxf3 56. Bxg3 1/2-1/2

[Event "Moscow op-A 17th"]
[Site "Moscow"]
[Date "2021.02.20"]
[Round "1"]
[White "Korchmar, Vasiliy"]
[Black "Rudakov, Sergey S"]
[Result "1-0"]
[WhiteElo "2451"]
[BlackElo "1926"]
[PlyCount "101"]
[EventDate "2021.02.20"]
[EventType "swiss"]
[EventRounds "9"]
[EventCountry "RUS"]
[SourceTitle "CBM 200 Extra"]
[Source "ChessBase"]
[SourceDate "2021.03.31"]
[SourceVersion "1"]
[SourceVersionDate "2021.03.31"]
[SourceQuality "1"]

1. d4 d5 2. c4 c6 3. Nc3 Nf6 4. e3 e6 5. Nf3 Bd6 6. Bd3 Nbd7 7. 0-0 dxc4 8. Bxc4 b5 9. Bd3 a6 10. a4 Bb7 11. e4 e5 12. dxe5 Nxe5 13. Nxe5 Bxe5 14. f4 Bd4+ 15. Kh1 h5 16. Qf3 Ng4 17. Nd1 Qb6 18. Bd2 c5 19. axb5 axb5 20. Rxa8+ Bxa8 21. b3 Bc6 22. Qe2 Qb7 23. Nc3 0-0 24. h3 b4 25. Nd5 Bxd5 26. exd5 Nf6 27. Bc4 Re8 28. Qf3 Qd7 29. Re1 Rxe1+ 30. Bxe1 Qf5 31. Kh2 Qe4 32. Qxe4 Nxe4 33. g4 hxg4 34. hxg4 Nd6 35. Bd3 Kf8 36. Kg2 Ke7 37. Kf3 f6 38. Bg3 Kd7 39. f5 Ke7 40. Bf4 Kd7 41. g5 Ke7 42. Kg4 Ne8 43. Bg3 Kf7 44. Bh4 Ke7 45. Kf4 Kf7 46. Be2 Ke7 47. Bb5 Nd6 48. Ba4 Nc8 49. Be1 Nd6 50. Kg4 Be5 51. Kh5 1-0